[Event "PRVA LIGA CENTRALNE SRBIJE 2015"]
[Site "Kragujevac"]
[Date "2015.09.08"]
[Round "5.1"]
[White "Kuzubov, Yuriy"]
[Black "Grujovic, Milojica"]
[Result "1-0"]
[WhiteElo "2636"]
[BlackElo "1898"]
[PlyCount "83"]
[EventDate "2015.09.05"]

1. d4 d5 2. c4 c6 3. Nf3 e6 4. g3 Bd6 5. Bg2 Nd7 6. O-O f5 7. Qc2 Ngf6 8. cxd5
cxd5 9. Nc3 a6 10. Na4 Ng4 11. Bf4 Bxf4 12. gxf4 O-O 13. Rac1 Qe8 14. Qc7 Rf7
15. Nb6 Nxb6 16. Qxb6 Re7 17. Ne5 Nf6 18. Qd6 Ng4 19. Nd3 Rd7 20. Qb6 Re7 21.
Qb4 a5 22. Qd6 Rd7 23. Qa3 b6 24. h3 Nf6 25. Ne5 Rb7 26. Rc2 Bd7 27. Rfc1 Bb5
28. e3 Nd7 29. Nf3 h6 30. Qc3 Kh7 31. b3 a4 32. Qb4 axb3 33. axb3 Bd3 34. Rc6
Be4 35. Qd6 Nf8 36. Ne5 Bxg2 37. Kxg2 Rba7 38. Rc7 Ra2 39. Rf7 R2a7 40. Rcc7
Rxc7 41. Qxc7 Kh8 42. Rxf8+ 1-0

[Event "PRVA LIGA CENTRALNE SRBIJE 2015"]
[Site "Kragujevac"]
[Date "2015.09.08"]
[Round "5.1"]
[White "Colovic, Dusan"]
[Black "Milanovic, Danilo"]
[Result "1/2-1/2"]
[WhiteElo "2375"]
[BlackElo "2462"]
[PlyCount "104"]
[EventDate "2015.09.05"]

1. d4 Nf6 2. Nc3 d5 3. Bf4 e6 4. e3 a6 5. Nf3 c5 6. Be2 Nc6 7. O-O Be7 8. Ne5
O-O 9. Bf3 cxd4 10. exd4 Nd7 11. Nxd7 Bxd7 12. Ne2 b5 13. a3 a5 14. c3 Qb6 15.
b4 Nd8 16. Rb1 Nb7 17. Nc1 Rfc8 18. Bd2 Nd6 19. Nd3 Nc4 20. Bc1 Bd6 21. Nc5 Bc6
22. Be2 e5 23. Bd3 Qc7 24. Bxc4 dxc4 25. d5 Bd7 26. Be3 Bf5 27. Ra1 Rd8 28. Qf3
Qc8 29. h3 Re8 30. Ne4 Bxe4 31. Qxe4 Ra6 32. g4 Bb8 33. Rfd1 Qb7 34. Bc5 Rd8
35. Rab1 axb4 36. Rxb4 Rc8 37. Qe3 Rxa3 38. Rxb5 Qxb5 39. Bxa3 Rd8 40. Be7 Rd7
41. d6 h6 42. Qe4 Ba7 43. Rb1 Qc5 44. Rb2 Qa3 45. Qa8+ Kh7 46. Rb8 Qc1+ 47. Kg2
Bxb8 48. Qxb8 Qf4 49. Qc8 Qe4+ 50. Kg3 Qf4+ 51. Kg2 Qe4+ 52. Kg3 Qf4+ 1/2-1/2

[Event "PRVA LIGA CENTRALNE SRBIJE 2015"]
[Site "Kragujevac"]
[Date "2015.09.08"]
[Round "5.1"]
[White "Savic, Miodrag R"]
[Black "Kiproski, Branislav"]
[Result "1-0"]
[WhiteElo "2503"]
[BlackElo "2240"]
[PlyCount "95"]
[EventDate "2015.09.05"]

1. e4 c5 2. Nf3 d6 3. c3 Nf6 4. Bd3 Nc6 5. h3 d5 6. exd5 Qxd5 7. Qe2 e6 8. O-O
Be7 9. Re1 O-O 10. Bc4 Qh5 11. a4 Na5 12. Ba2 b6 13. d3 Rd8 14. Nbd2 Bf8 15.
Ne4 Nxe4 16. dxe4 Bb7 17. Bg5 Rd7 18. Qf1 Be7 19. Bf4 g5 20. Bg3 Nc6 21. Rad1
Rad8 22. Rxd7 Rxd7 23. Rd1 Ba6 24. Qe1 Rd3 25. Bb1 Rxf3 26. gxf3 Qxh3 27. Bd3
Bxd3 28. Rxd3 Bf6 29. e5 Qf5 30. Qe4 Qxe4 31. fxe4 Bxe5 32. Bxe5 Nxe5 33. Rd8+
Kg7 34. Ra8 Nc6 35. Rc8 Ne5 36. Rc7 h5 37. a5 bxa5 38. Rxc5 Kf6 39. Rxa5 Nc4
40. Ra2 Ke5 41. b4 Kxe4 42. Rxa7 f5 43. b5 Kf3 44. Rc7 Nd6 45. b6 h4 46. Rd7
Ne4 47. b7 Nc5 48. b8=Q 1-0

[Event "PRVA LIGA CENTRALNE SRBIJE 2015"]
[Site "Kragujevac"]
[Date "2015.09.08"]
[Round "5.1"]
[White "Baralic, Milan"]
[Black "Arsovic, Zoran"]
[Result "0-1"]
[WhiteElo "2195"]
[BlackElo "2421"]
[PlyCount "114"]
[EventDate "2015.09.05"]

1. d4 Nf6 2. Nf3 e6 3. b3 c5 4. e3 cxd4 5. exd4 Bb4+ 6. c3 Be7 7. Bd3 b6 8. O-O
Bb7 9. Re1 O-O 10. Nbd2 d6 11. c4 Nbd7 12. Bb2 Re8 13. Ne4 Rc8 14. Nxf6+ Nxf6
15. Rc1 Bf8 16. Bf1 g6 17. g3 a6 18. a3 Bh6 19. Rc2 b5 20. Nd2 Qc7 21. Bg2 Bxg2
22. Kxg2 bxc4 23. bxc4 Qb7+ 24. Kg1 Red8 25. Qe2 Bg7 26. Bc3 Qc6 27. Qd3 h5 28.
f3 Nd7 29. Kg2 d5 30. Ba5 Re8 31. Rec1 Qa4 32. Bb4 a5 33. Bd6 dxc4 34. Rxc4
Rxc4 35. Rxc4 Qd1 36. Kf2 Nb6 37. Rc5 Rd8 38. Be5 Nd7 39. Qc2 Qxc2 40. Rxc2
Bxe5 41. dxe5 Nxe5 42. Ke2 Rd5 43. Ne4 Rb5 44. Rc5 Rb2+ 45. Ke3 Rb3+ 46. Ke2
Nxf3 47. Rxa5 Nxh2 48. Ra7 Ng4 49. Nd6 Re3+ 50. Kd2 Rxg3 51. Nxf7 h4 52. Ng5 h3
53. Ra8+ Kg7 54. Ra7+ Kh6 55. Nf7+ Kh5 56. Ra8 Rg2+ 57. Kc3 Kh4 0-1

[Event "PRVA LIGA CENTRALNE SRBIJE 2015"]
[Site "Kragujevac"]
[Date "2015.09.08"]
[Round "5.1"]
[White "Kostic, Vladimir G"]
[Black "Sevic, Slobodan"]
[Result "1-0"]
[WhiteElo "2367"]
[BlackElo "2144"]
[PlyCount "69"]
[EventDate "2015.09.05"]

1. Nf3 Nf6 2. d4 c5 3. c3 cxd4 4. cxd4 g6 5. Nc3 Bg7 6. e4 d6 7. Be2 O-O 8. O-O
Nc6 9. d5 Ne5 10. Nd4 Ned7 11. Be3 Nc5 12. f3 a5 13. Qd2 Nfd7 14. Ndb5 Ne5 15.
h3 Bd7 16. Rac1 Bxb5 17. Nxb5 Ned7 18. b3 Rc8 19. Rfd1 Re8 20. Kh2 Nf6 21. Qe1
h6 22. e5 Nh7 23. f4 b6 24. Na7 Rc7 25. Nc6 Qa8 26. Bb5 Rf8 27. Bd4 Kh8 28. Rc3
Qc8 29. Rf3 Qf5 30. Bxc5 bxc5 31. Qxa5 Rxc6 32. dxc6 Qc2 33. Qd2 Qf5 34. c7
dxe5 35. Bd7 1-0

[Event "PRVA LIGA CENTRALNE SRBIJE 2015"]
[Site "Kragujevac"]
[Date "2015.09.08"]
[Round "5.1"]
[White "Gavrilovic, Vasilije"]
[Black "Bozic, Milan"]
[Result "0-1"]
[WhiteElo "2081"]
[BlackElo "2438"]
[PlyCount "106"]
[EventDate "2015.09.05"]

1. c4 c5 2. Nc3 Nf6 3. g3 d5 4. cxd5 Nxd5 5. Bg2 Nc7 6. Nf3 Nc6 7. O-O g6 8. d3
Bg7 9. Be3 b6 10. Qd2 O-O 11. Bh6 Rb8 12. Bxg7 Kxg7 13. Rad1 e5 14. Qg5 f6 15.
Qc1 Qe7 16. Rfe1 Rd8 17. h4 h5 18. Ne4 Be6 19. b3 a5 20. Qb2 Bd5 21. Nfd2 Ne6
22. Bh3 Ned4 23. Nc3 Be6 24. Bg2 Qd7 25. Nf3 Bg4 26. Nxd4 Nxd4 27. Ne4 a4 28.
bxa4 Qxa4 29. Nc3 Qb4 30. Rd2 Qa5 31. Rb1 b5 32. Ne4 b4 33. Rc1 Rbc8 34. Kf1
Bf5 35. e3 Bxe4 36. Bxe4 Nb5 37. Bf3 Nc3 38. a3 Rc7 39. axb4 cxb4 40. d4 Rcd7
41. Ra1 Qb6 42. Qb3 exd4 43. exd4 Rxd4 44. Rxd4 Qxd4 45. Kg2 Ne4 46. Qa2 Nd2
47. Qa7+ Kh6 48. Bc6 Qxa7 49. Rxa7 Rb8 50. Rd7 Nc4 51. Rd4 Ne5 52. Be4 b3 53.
f4 f5 0-1

[Event "PRVA LIGA CENTRALNE SRBIJE 2015"]
[Site "Kragujevac"]
[Date "2015.09.08"]
[Round "5.2"]
[White "Milanovic, Slavisa"]
[Black "Zajic, Milan"]
[Result "0-1"]
[WhiteElo "2381"]
[BlackElo "2472"]
[PlyCount "80"]
[EventDate "2015.09.05"]

1. c4 e5 2. Nc3 Bb4 3. Nd5 Bc5 4. Nf3 c6 5. Nc3 d6 6. e3 Bb4 7. Qc2 Nf6 8. a3
Bxc3 9. Qxc3 O-O 10. b4 Re8 11. Bb2 Bg4 12. Be2 Nbd7 13. d3 d5 14. O-O Qe7 15.
h3 Bh5 16. Rac1 Rad8 17. Rfe1 Kh8 18. Qc2 e4 19. dxe4 dxe4 20. Nd4 Bg6 21. Nb3
Ne5 22. Bxe5 Qxe5 23. Red1 h5 24. Na5 Rb8 25. Qc3 Qg5 26. Qd4 Bf5 27. Kf1 Qh4
28. Ke1 Qg5 29. Kf1 c5 30. bxc5 Bd7 31. Qd6 Ba4 32. Rd4 b6 33. Nc6 bxc5 34.
Nxb8 cxd4 35. Qxd4 Rxb8 36. Qxa7 Qe5 37. Qxa4 Qh2 38. Ke1 Qg1+ 39. Kd2 Rd8+ 40.
Kc2 Qxf2 0-1

[Event "PRVA LIGA CENTRALNE SRBIJE 2015"]
[Site "Kragujevac"]
[Date "2015.09.08"]
[Round "5.2"]
[White "Radovanovic, Nikola"]
[Black "Jovanovic, Dusan D"]
[Result "1/2-1/2"]
[WhiteElo "2407"]
[BlackElo "2381"]
[PlyCount "130"]
[EventDate "2015.09.05"]

1. d4 Nf6 2. c4 e6 3. Nc3 Bb4 4. Qc2 O-O 5. a3 Bxc3+ 6. Qxc3 Ne4 7. Qc2 f5 8.
Nh3 d6 9. f3 Nf6 10. e3 e5 11. dxe5 dxe5 12. Be2 c5 13. Nf2 Nc6 14. O-O Qe7 15.
Re1 Be6 16. b3 Rae8 17. Bb2 Nd7 18. Bf1 f4 19. exf4 Rxf4 20. Bd3 Rh4 21. Be4
Qg5 22. Bxc6 bxc6 23. Ne4 Bf5 24. Qd2 Qxd2 25. Nxd2 Rh6 26. Re3 Rd6 27. Bc3 Rd3
28. Rae1 Kf7 29. Kf2 Rxe3 30. Rxe3 h5 31. h4 a6 32. Ke2 g6 33. g3 Re6 34. Ba5
Re8 35. Bc7 Kf6 36. Kd1 Rc8 37. Bd6 Re8 38. Kc1 g5 39. hxg5+ Kxg5 40. Kb2 h4
41. f4+ Kg4 42. fxe5 hxg3 43. Nf1 g2 44. Rg3+ Kh4 45. Rxg2 Nxe5 46. Bxe5 Rxe5
47. Nd2 Bg4 48. Nb1 Bf3 49. Rd2 Kg3 50. Nc3 Kf4 51. Na4 Ke3 52. Kc3 Rh5 53.
Rd3+ Kf4 54. Rd2 a5 55. Nb2 Be4 56. Rf2+ Ke5 57. Na4 Rh3+ 58. Kb2 Kd4 59. Rd2+
Ke3 60. Rd8 Rh2+ 61. Ka1 Bd3 62. Nxc5 Rh1+ 63. Kb2 Rh2+ 64. Ka1 Rh1+ 65. Kb2
Rh2+ 1/2-1/2

[Event "PRVA LIGA CENTRALNE SRBIJE 2015"]
[Site "Kragujevac"]
[Date "2015.09.08"]
[Round "5.2"]
[White "Lapcevic, Milos"]
[Black "Dezelin, Milan"]
[Result "1-0"]
[WhiteElo "2376"]
[BlackElo "2261"]
[PlyCount "115"]
[EventDate "2015.09.05"]

1. d4 Nf6 2. c4 e6 3. Nc3 Bb4 4. Qc2 O-O 5. a3 Bxc3+ 6. Qxc3 b5 7. cxb5 c6 8.
Bg5 cxb5 9. e3 Bb7 10. Nf3 a6 11. Bd3 h6 12. Bh4 Nc6 13. O-O Rc8 14. Bxf6 Qxf6
15. Qd2 d6 16. Be4 Ba8 17. Bd3 Qd8 18. Rfc1 Qb6 19. b4 Ne7 20. e4 Rxc1+ 21.
Rxc1 Rc8 22. Rxc8+ Nxc8 23. Qc3 Qb7 24. Nd2 Nb6 25. Nb3 Qc6 26. Qxc6 Bxc6 27.
Na5 Ba8 28. f3 Kf8 29. Kf2 Ke7 30. Ke3 f6 31. Nb3 Bb7 32. g3 Bc8 33. f4 e5 34.
Be2 Be6 35. Nd2 g5 36. h4 gxf4+ 37. gxf4 exf4+ 38. Kxf4 Na4 39. d5 Bd7 40. Bg4
Bxg4 41. Kxg4 Kf7 42. Kf5 Nc3 43. Kg4 Kg6 44. h5+ Kf7 45. Kf4 Ne2+ 46. Kg4 Nd4
47. Nf1 f5+ 48. exf5 Kf6 49. Ng3 Ke5 50. f6 Kxd5 51. Nf5 Ne6 52. Nxh6 Ke4 53.
Nf7 Nf8 54. Nxd6+ Ke5 55. Ne8 Ke6 56. Kg5 Kf7 57. Nd6+ Ke6 58. Ne4 1-0

[Event "PRVA LIGA CENTRALNE SRBIJE 2015"]
[Site "Kragujevac"]
[Date "2015.09.08"]
[Round "5.2"]
[White "Djordjevic, Vuk"]
[Black "Blesic, Vaso"]
[Result "1/2-1/2"]
[WhiteElo "2209"]
[BlackElo "2365"]
[PlyCount "84"]
[EventDate "2015.09.05"]

1. e4 c5 2. Nc3 g6 3. g3 Nc6 4. Bg2 Bg7 5. Nge2 Nf6 6. d3 d6 7. O-O O-O 8. h3
Ne8 9. Be3 Nd4 10. f4 f5 11. Qd2 Rb8 12. Nc1 b5 13. a3 a5 14. Nd1 Be6 15. c3
Nb3 16. Nxb3 Bxb3 17. exf5 gxf5 18. d4 cxd4 19. Bxd4 Nf6 20. Ne3 Qd7 21. Qf2
Rf7 22. Bf3 e6 23. Nc2 Bxc2 24. Qxc2 d5 25. Rad1 Ne4 26. Kh2 Qc7 27. Qe2 Kh8
28. Qe3 Rg8 29. Rg1 h6 30. Bxe4 fxe4 31. Bxg7+ Kxg7 32. Kh1 Kh7 33. Rgf1 Qc4
34. Rf2 Rgf8 35. Rd4 Qa2 36. Rdd2 Qc4 37. Kh2 Rf5 38. Kh1 e5 39. fxe5 Rf3 40.
Qa7+ Kh8 41. Qe7 Kg8 42. Qe6+ Kg7 1/2-1/2

[Event "PRVA LIGA CENTRALNE SRBIJE 2015"]
[Site "Kragujevac"]
[Date "2015.09.08"]
[Round "5.2"]
[White "Ivanovic, Dragutin"]
[Black "Gajic, Mladen"]
[Result "1-0"]
[WhiteElo "2297"]
[BlackElo "2253"]
[PlyCount "45"]
[EventDate "2015.09.05"]

1. d4 Nf6 2. c4 c5 3. d5 e6 4. Nc3 exd5 5. cxd5 d6 6. e4 g6 7. Bg5 Bg7 8. f3
O-O 9. Qd2 a6 10. a4 Nbd7 11. Nh3 Rb8 12. Nf2 Qc7 13. Be2 c4 14. O-O Nc5 15.
Bxc4 Nxa4 16. Nxa4 b5 17. Be2 bxa4 18. Rxa4 Nd7 19. Rc1 Nc5 20. b4 Qd7 21. Ra3
Na4 22. Rc6 Nb6 23. Bf4 1-0

[Event "PRVA LIGA CENTRALNE SRBIJE 2015"]
[Site "Kragujevac"]
[Date "2015.09.08"]
[Round "5.2"]
[White "Cvetanovic, Uros"]
[Black "Vilimonovic, Bozidar"]
[Result "1-0"]
[WhiteElo "2230"]
[BlackElo "2202"]
[PlyCount "91"]
[EventDate "2015.09.05"]

1. Nf3 Nf6 2. g3 b6 3. Bg2 Bb7 4. O-O e6 5. c4 Be7 6. Nc3 O-O 7. Re1 d6 8. e4
e5 9. d4 Nbd7 10. d5 Ne8 11. Qc2 Bf6 12. a3 g6 13. b4 Bg7 14. Bd2 h6 15. Rac1
Bc8 16. Nh4 Kh7 17. Na4 Bf6 18. Nf3 Bg7 19. c5 Ndf6 20. Nb2 Ng8 21. Rf1 f5 22.
c6 f4 23. Ne1 g5 24. a4 Ne7 25. f3 Ng6 26. g4 Nf6 27. h3 Kg8 28. b5 h5 29. a5
Nh4 30. Ra1 Rb8 31. Qd3 Kf7 32. Qe2 Rh8 33. axb6 axb6 34. Nc4 Kg6 35. Nd3 Re8
36. Ra7 hxg4 37. hxg4 Bf8 38. Be1 Re7 39. Ndb2 Nxg2 40. Qxg2 Bxg4 41. fxg4 Qc8
42. Na4 Rh7 43. Naxb6 cxb6 44. Rxh7 Kxh7 45. Bf2 Nd7 46. Ra1 1-0

[Event "PRVA LIGA CENTRALNE SRBIJE 2015"]
[Site "Kragujevac"]
[Date "2015.09.08"]
[Round "5.3"]
[White "Ostojic, Nikola"]
[Black "Brkljaca, Ante"]
[Result "1/2-1/2"]
[WhiteElo "2420"]
[BlackElo "2321"]
[PlyCount "22"]
[EventDate "2015.09.05"]

1. Nf3 e6 2. c4 Nf6 3. g3 b6 4. Bg2 Bb7 5. O-O Be7 6. Nc3 O-O 7. Re1 d5 8. cxd5
exd5 9. d4 c5 10. Ne5 cxd4 11. Qxd4 Bc5 1/2-1/2

[Event "PRVA LIGA CENTRALNE SRBIJE 2015"]
[Site "Kragujevac"]
[Date "2015.09.08"]
[Round "5.3"]
[White "Sorgic, Dragan"]
[Black "Lukovic, Vladimir"]
[Result "0-1"]
[WhiteElo "2215"]
[BlackElo "2438"]
[PlyCount "108"]
[EventDate "2015.09.05"]

1. e4 e6 2. d4 d5 3. Nc3 Bb4 4. e5 c5 5. a3 Bxc3+ 6. bxc3 Qa5 7. Bd2 Qa4 8. Qb1
c4 9. h4 Nc6 10. Nf3 Nge7 11. h5 h6 12. Be2 Bd7 13. Qc1 O-O-O 14. Rh3 Rdf8 15.
Nh4 f6 16. f4 Rf7 17. Bf3 fxe5 18. fxe5 Kb8 19. Rg3 Re8 20. Qb2 Nc8 21. Rb1 Nb6
22. Ng6 Qa6 23. Kf2 Na4 24. Qa1 Qa5 25. Be1 a6 26. Kg1 Na7 27. Rb4 Nb5 28. Bd2
Qc7 29. Rxa4 a5 30. Rb4 axb4 31. cxb4 c3 32. Be3 Qc4 33. Rg4 Kc7 34. Nf4 Ra8
35. Be2 Qxb4 36. Qf1 Rxf4 37. axb4 Rxf1+ 38. Bxf1 Na3 39. Bd3 Ba4 40. Rxg7+ Kc6
41. Re7 Bxc2 42. Rxe6+ Kc7 43. Be2 Be4 44. b5 Nc2 45. b6+ Kd7 46. Rd6+ Ke7 47.
Bxh6 Rg8 48. Bb5 Nxd4 49. Rd7+ Ke6 50. Ba4 Rxg2+ 51. Kf1 Ra2 52. Rxb7 Bd3+ 53.
Ke1 Nf3+ 54. Kd1 Rxa4 0-1

[Event "PRVA LIGA CENTRALNE SRBIJE 2015"]
[Site "Kragujevac"]
[Date "2015.09.08"]
[Round "5.3"]
[White "Ilic, Dragan M"]
[Black "Vojinovic, Luka"]
[Result "1/2-1/2"]
[WhiteElo "2354"]
[BlackElo "2122"]
[PlyCount "49"]
[EventDate "2015.09.05"]

1. d4 d5 2. c4 c6 3. Nf3 Nf6 4. Nc3 dxc4 5. a4 Bg4 6. Ne5 Bh5 7. h3 Na6 8. g4
Bg6 9. Bg2 Nb4 10. Nxg6 hxg6 11. O-O Qc7 12. g5 Nh5 13. e3 e6 14. a5 Be7 15.
Ne4 e5 16. dxe5 Qxe5 17. Bd2 Rd8 18. Qg4 Nd3 19. Bc3 Qf5 20. Ra4 Qb5 21. Rxc4
O-O 22. Rb1 Rd5 23. Rd4 Rxd4 24. Bxd4 Qxa5 25. Qd7 1/2-1/2

[Event "PRVA LIGA CENTRALNE SRBIJE 2015"]
[Site "Kragujevac"]
[Date "2015.09.08"]
[Round "5.3"]
[White "Cirakovic, Ivan"]
[Black "Panic, Nenad"]
[Result "1/2-1/2"]
[WhiteElo "2164"]
[BlackElo "2352"]
[PlyCount "116"]
[EventDate "2015.09.05"]

1. e4 c5 2. Nc3 e6 3. g3 Nc6 4. Bg2 g6 5. f4 d6 6. Nf3 Bg7 7. d3 Nge7 8. Be3
Nd4 9. O-O O-O 10. Qd2 Rb8 11. Nd1 b5 12. c3 Nxf3+ 13. Bxf3 b4 14. d4 bxc3 15.
Nxc3 cxd4 16. Bxd4 Bxd4+ 17. Qxd4 Rxb2 18. Nd5 Rb8 19. Nf6+ Kh8 20. Nd7+ e5 21.
Nxe5 dxe5 22. Qxe5+ Kg8 23. Qxb8 Qd4+ 24. Kh1 Ba6 25. Qc7 Bxf1 26. Rxf1 Qd3 27.
Kg2 Qa3 28. Rf2 Rc8 29. Qd7 Rc1 30. Qd8+ Kg7 31. f5 gxf5 32. exf5 Qe3 33. g4 f6
34. Qd2 Qc5 35. g5 Ng8 36. Qd7+ Kh8 37. Qe6 Qe7 38. Qd5 Qe3 39. Qd2 Qxg5+ 40.
Qxg5 fxg5 41. Rd2 Nf6 42. Rb2 a5 43. Rb8+ Kg7 44. Rb7+ Kf8 45. a4 Rc5 46. Ra7
Rxf5 47. Bc6 h5 48. Bb5 Nd5 49. Rxa5 Nc7 50. Ra7 Nxb5 51. axb5 Rxb5 52. Rh7 g4
53. Kg3 Kg8 54. Rc7 Rb3+ 55. Kg2 Rb2+ 56. Kg3 Rb3+ 57. Kg2 Rf3 58. Rc5 Rh3
1/2-1/2

[Event "PRVA LIGA CENTRALNE SRBIJE 2015"]
[Site "Kragujevac"]
[Date "2015.09.08"]
[Round "5.3"]
[White "Zivkovic, Vladislav"]
[Black "Ivanovic, Lazar"]
[Result "1/2-1/2"]
[WhiteElo "2177"]
[BlackElo "2017"]
[PlyCount "67"]
[EventDate "2015.09.05"]

1. c4 Nf6 2. g3 d6 3. Nc3 e5 4. Bg2 Nbd7 5. d3 c6 6. e4 Be7 7. Nge2 Qc7 8. O-O
a5 9. h3 Nc5 10. b3 Bd7 11. f4 Ne6 12. d4 c5 13. dxe5 dxe5 14. Nd5 Nxd5 15.
cxd5 Nd4 16. fxe5 Nxe2+ 17. Qxe2 Qxe5 18. Bf4 Qd4+ 19. Kh2 g5 20. Rad1 Qg7 21.
Bc1 Bd6 22. Bb2 Be5 23. Bxe5 Qxe5 24. Qf2 O-O 25. Qxc5 Rac8 26. Qe3 Rc2 27. Rd2
Rc3 28. Rd3 Rc2 29. Rf2 Rfc8 30. Rxc2 Rxc2 31. Rd2 Rc3 32. Rd3 Rc2 33. Rd2 Rc3
34. Rd3 1/2-1/2

[Event "PRVA LIGA CENTRALNE SRBIJE 2015"]
[Site "Kragujevac"]
[Date "2015.09.08"]
[Round "5.4"]
[White "Radibratovic, Predrag"]
[Black "Ristic, Nenad"]
[Result "0-1"]
[WhiteElo "2327"]
[BlackElo "2440"]
[PlyCount "51"]
[EventDate "2015.09.05"]

1. d4 Nf6 2. Nf3 g6 3. g3 Bg7 4. c4 c5 5. Nc3 cxd4 6. Nxd4 O-O 7. Bg2 Qc7 8. b3
d5 9. O-O dxc4 10. Ndb5 Qa5 11. b4 Qxb4 12. Rb1 Qa5 13. Bf4 Nc6 14. Bc7 Qa6 15.
Nd5 Bf5 16. Nxf6+ Bxf6 17. e4 Be6 18. a4 Rac8 19. f4 c3 20. e5 Bg7 21. Be4 Ba2
22. Qc2 Bxb1 23. Rxb1 Nd4 24. Nxd4 Rxc7 25. Bd3 b5 26. axb5 0-1

[Event "PRVA LIGA CENTRALNE SRBIJE 2015"]
[Site "Kragujevac"]
[Date "2015.09.08"]
[Round "5.4"]
[White "Ristic, Nebojsa M"]
[Black "Mrsevic, Miroslav"]
[Result "0-1"]
[WhiteElo "2374"]
[BlackElo "2268"]
[PlyCount "98"]
[EventDate "2015.09.05"]

1. Nf3 Nf6 2. g3 g6 3. Bg2 Bg7 4. O-O O-O 5. d4 d6 6. c4 Nc6 7. d5 Na5 8. Nfd2
c5 9. Nc3 e5 10. dxe6 Bxe6 11. Nd5 Rb8 12. Qa4 a6 13. Nb3 Nxb3 14. axb3 Nxd5
15. cxd5 Bd7 16. Qc4 Re8 17. Qc2 Qf6 18. e4 Bb5 19. Rd1 b6 20. Ra2 a5 21. Bd2
g5 22. Bc3 Qg6 23. Raa1 Bd7 24. Re1 g4 25. Re2 Bb5 26. Ree1 Be5 27. h4 Re7 28.
Qd2 Rbe8 29. Re3 Bg7 30. Rae1 Bh6 31. Qd1 Bxe3 32. Rxe3 Bd7 33. Qe2 b5 34. Bxa5
b4 35. h5 Qf6 36. Bc7 Bc8 37. Bb8 Qe5 38. Bf1 Rb7 39. Bxd6 Qxd6 40. e5 Qxd5 41.
e6 Bxe6 42. Re5 Qd8 43. Qe3 Qf6 44. h6 Rc7 45. Bd3 Ra7 46. Rf5 Ra1+ 47. Kh2
Rh1+ 48. Kxh1 Bd5+ 49. Rxd5 Rxe3 0-1

[Event "PRVA LIGA CENTRALNE SRBIJE 2015"]
[Site "Kragujevac"]
[Date "2015.09.08"]
[Round "5.4"]
[White "Kahrovic, Mersid"]
[Black "Radovanovic, Mihajlo"]
[Result "1-0"]
[WhiteElo "2275"]
[BlackElo "2421"]
[PlyCount "85"]
[EventDate "2015.09.05"]

1. c4 e5 2. Nc3 Nc6 3. g3 Bc5 4. Bg2 a6 5. e3 d6 6. Nge2 Ba7 7. d3 h5 8. h4 Bg4
9. Qa4 Bd7 10. Qd1 Nf6 11. a3 Rb8 12. b4 Ne7 13. d4 Ng6 14. Qd3 Qe7 15. Bb2 O-O
16. Nd5 Nxd5 17. Bxd5 Qf6 18. dxe5 Nxe5 19. Bxe5 dxe5 20. Bg2 Rfd8 21. Qc2 Bf5
22. Be4 Qc6 23. Nc3 Bxe4 24. Qxe4 Rd3 25. Nd5 Rxd5 26. Qxd5 Qf6 27. O-O c6 28.
Qe4 Qe6 29. Rad1 Rf8 30. c5 Bb8 31. Qf3 g6 32. e4 Bc7 33. Kg2 a5 34. Rd2 axb4
35. axb4 b6 36. Qe3 Rb8 37. Rfd1 bxc5 38. Rd7 Bb6 39. bxc5 Ba5 40. R1d6 Qc4 41.
Rxg6+ fxg6 42. Qh6 Qxe4+ 43. Kh2 1-0

[Event "PRVA LIGA CENTRALNE SRBIJE 2015"]
[Site "Kragujevac"]
[Date "2015.09.08"]
[Round "5.4"]
[White "Rajkovic, Dusan"]
[Black "Kijanovic, Igor"]
[Result "1-0"]
[WhiteElo "2367"]
[BlackElo "2064"]
[PlyCount "57"]
[EventDate "2015.09.05"]

1. d4 Nf6 2. c4 e6 3. Nf3 d5 4. Nc3 c6 5. Bg5 Be7 6. e3 O-O 7. Qc2 Nbd7 8. Rd1
b6 9. Bd3 h6 10. Bf4 Nh5 11. Be5 Nxe5 12. dxe5 g6 13. Nd4 Bd7 14. f4 Ng7 15.
O-O Bc5 16. Rf3 Bxd4 17. exd4 h5 18. Qf2 Qe7 19. h3 h4 20. f5 exf5 21. cxd5 Nh5
22. dxc6 Bxc6 23. Rxf5 gxf5 24. Qxf5 f6 25. Qxh5 Be8 26. Bc4+ Kg7 27. Qxh4 Qd8
28. Qg3+ Kh8 29. e6 1-0

[Event "PRVA LIGA CENTRALNE SRBIJE 2015"]
[Site "Kragujevac"]
[Date "2015.09.08"]
[Round "5.4"]
[White "Vizlina, Branisa"]
[Black "Stankovic, Dragan P"]
[Result "1-0"]
[WhiteElo "2045"]
[BlackElo "2254"]
[PlyCount "93"]
[EventDate "2015.09.05"]

1. e4 c5 2. Nf3 e6 3. c3 Nf6 4. Qc2 Nc6 5. Be2 Be7 6. O-O O-O 7. a3 d5 8. e5
Nd7 9. d4 c4 10. Bf4 Na5 11. Nbd2 Nb6 12. b4 cxb3 13. Nxb3 Nbc4 14. Nxa5 Nxa5
15. Bd3 h6 16. Rfb1 Bd7 17. Qc1 f5 18. exf6 Rxf6 19. Be5 Rf8 20. Qe1 Rc8 21. a4
Qe8 22. Bg3 a6 23. Ne5 Bf6 24. Ng6 Rf7 25. Rb2 Rc6 26. Re2 Qc8 27. Re3 Rxc3 28.
Ne5 Rxd3 29. Rxd3 Bxe5 30. Bxe5 Nc4 31. h3 b6 32. Rg3 Qe8 33. Qc1 Qf8 34. Ra2
Kh7 35. Qc2+ Kh8 36. Qg6 Nxe5 37. dxe5 Rf4 38. Rc2 Rc4 39. Rb2 b5 40. Rbb3 Qg8
41. axb5 axb5 42. Ra3 Be8 43. Qb1 Qh7 44. Qe1 Qc2 45. Ra8 Rc8 46. Qb4 Rxa8 47.
Qf8+ 1-0

[Event "PRVA LIGA CENTRALNE SRBIJE 2015"]
[Site "Kragujevac"]
[Date "2015.09.08"]
[Round "5.5"]
[White "Arandjelovic, Aleksandar Z"]
[Black "Jovic, Stanoje"]
[Result "1/2-1/2"]
[WhiteElo "2060"]
[BlackElo "2290"]
[PlyCount "20"]
[EventDate "2015.09.05"]

1. d4 d5 2. c4 e6 3. Nc3 Be7 4. Nf3 Nf6 5. cxd5 exd5 6. Bg5 O-O 7. e3 Nbd7 8.
Bd3 b6 9. O-O Bb7 10. Rc1 a6 1/2-1/2

[Event "PRVA LIGA CENTRALNE SRBIJE 2015"]
[Site "Kragujevac"]
[Date "2015.09.08"]
[Round "5.6"]
[White "Stankovic, Milos"]
[Black "Milosavljevic, Ivan"]
[Result "1-0"]
[WhiteElo "2429"]
[BlackElo "2087"]
[PlyCount "65"]
[EventDate "2015.09.05"]

1. e4 e5 2. Nf3 Nc6 3. Nc3 Bc5 4. Nxe5 Bxf2+ 5. Kxf2 Nxe5 6. d4 Ng6 7. Bc4 d6
8. Rf1 N8e7 9. Kg1 O-O 10. Bg5 c6 11. Kh1 b5 12. Bd3 b4 13. Ne2 f6 14. Bd2 Rb8
15. c3 bxc3 16. Bxc3 Bg4 17. Qa4 Qd7 18. Ng3 Nh4 19. Rae1 Nxg2 20. Kxg2 Bh3+
21. Kg1 Bxf1 22. Rxf1 Qg4 23. Qxa7 Ng6 24. Qc7 Nf4 25. Bc4+ Kh8 26. Qxd6 g5 27.
d5 Kg7 28. dxc6 Rbd8 29. Qe7+ Kg6 30. c7 Rd1 31. Qxf8 Rxf1+ 32. Bxf1 Nh5 33.
Be2 1-0

[Event "PRVA LIGA CENTRALNE SRBIJE 2015"]
[Site "Kragujevac"]
[Date "2015.09.08"]
[Round "5.6"]
[White "Mladenovic, Stefan"]
[Black "Nestorovic, Dejan"]
[Result "1/2-1/2"]
[WhiteElo "2326"]
[BlackElo "2402"]
[PlyCount "85"]
[EventDate "2015.09.05"]

1. d4 Nf6 2. Nf3 e6 3. c4 Bb4+ 4. Bd2 a5 5. Nc3 b6 6. g3 Bb7 7. Bg2 O-O 8. O-O
d6 9. Rc1 Nbd7 10. d5 e5 11. Nh4 Nc5 12. Bg5 Bxc3 13. Rxc3 h6 14. Bc1 Bc8 15.
Qc2 Re8 16. b3 Bd7 17. a3 a4 18. b4 Nb3 19. Bb2 b5 20. c5 Bg4 21. f3 Bc8 22. f4
e4 23. Rd1 g5 24. fxg5 hxg5 25. cxd6 cxd6 26. Rc7 gxh4 27. Rf1 Re5 28. Rxf6
Qxf6 29. Rxc8+ Rxc8 30. Qxc8+ Kg7 31. Qg4+ Kf8 32. Qc8+ Kg7 33. Bxe4 Nd2 34.
Bg2 Nc4 35. Qg4+ Qg6 36. Bxe5+ dxe5 37. Qxh4 Qb6+ 38. Kh1 Qe3 39. Qg4+ Kf8 40.
Qc8+ Kg7 41. Qg4+ Kf8 42. Qc8+ Kg7 43. Qg4+ 1/2-1/2

[Event "PRVA LIGA CENTRALNE SRBIJE 2015"]
[Site "Kragujevac"]
[Date "2015.09.08"]
[Round "5.6"]
[White "Markovic, Zoran S"]
[Black "Livaja, Mario"]
[Result "0-1"]
[WhiteElo "2367"]
[BlackElo "2246"]
[PlyCount "72"]
[EventDate "2015.09.05"]

1. e4 c5 2. Nf3 Nc6 3. d4 cxd4 4. Nxd4 e6 5. Nc3 Qc7 6. Be2 a6 7. O-O Nf6 8.
Kh1 Be7 9. f4 d6 10. Be3 O-O 11. Qe1 Nxd4 12. Bxd4 b5 13. a3 Bb7 14. Qg3 Bc6
15. Rae1 Rac8 16. Bd3 Rfd8 17. e5 dxe5 18. Bxe5 Qb7 19. f5 Nh5 20. Qg4 f6 21.
Re2 Be8 22. Be4 Qa7 23. fxe6 fxe5 24. Ref2 Nf4 25. g3 Bh5 26. Qf5 Bg6 27. Qxe5
Bd6 28. Qg5 Bxe4+ 29. Nxe4 Ng6 30. Rf7 Be7 31. Qf5 Qb7 32. Rf3 Qd5 33. Qxd5
Rxd5 34. c3 Re5 35. Nf2 Rxe6 36. R7f5 Re2 0-1